<?xml version="1.0" encoding="UTF-8"?>
<record
    xmlns:xsi="http://www.w3.org/2001/XMLSchema-instance"
    xsi:schemaLocation="http://www.loc.gov/MARC21/slim http://www.loc.gov/standards/marcxml/schema/MARC21slim.xsd"
    xmlns="http://www.loc.gov/MARC21/slim">

  <leader>01653nam a22002537a 4500</leader>
  <controlfield tag="003">OSt</controlfield>
  <controlfield tag="005">20250416092901.0</controlfield>
  <controlfield tag="008">220323s2019    ck ||||er|||| 00| f spa d</controlfield>
  <datafield tag="020" ind1=" " ind2=" ">
    <subfield code="a">9789584239440</subfield>
  </datafield>
  <datafield tag="040" ind1=" " ind2=" ">
    <subfield code="a">CO-JMCR</subfield>
    <subfield code="c">CO-JMCR</subfield>
  </datafield>
  <datafield tag="041" ind1="0" ind2=" ">
    <subfield code="a">spa</subfield>
  </datafield>
  <datafield tag="082" ind1="0" ind2="4">
    <subfield code="a">A-N</subfield>
    <subfield code="b">MENu</subfield>
  </datafield>
  <datafield tag="100" ind1="1" ind2=" ">
    <subfield code="a">Mendoza, Mario,</subfield>
    <subfield code="e">autor</subfield>
    <subfield code="9">172</subfield>
  </datafield>
  <datafield tag="245" ind1="1" ind2="0">
    <subfield code="a">Una escalera al cielo / </subfield>
    <subfield code="c">Mario Mendoza</subfield>
  </datafield>
  <datafield tag="250" ind1=" " ind2=" ">
    <subfield code="a">Novena edici&#xF3;n.</subfield>
  </datafield>
  <datafield tag="260" ind1=" " ind2=" ">
    <subfield code="a">Bogot&#xE1; : </subfield>
    <subfield code="b">Planeta, </subfield>
    <subfield code="c">2019.</subfield>
  </datafield>
  <datafield tag="300" ind1=" " ind2=" ">
    <subfield code="a">216 p&#xE1;ginas ;</subfield>
    <subfield code="c">24 cm.</subfield>
  </datafield>
  <datafield tag="500" ind1=" " ind2=" ">
    <subfield code="a">Incluye datos biogr&#xE1;ficos del autor en solapa posterior.</subfield>
  </datafield>
  <datafield tag="505" ind1="0" ind2=" ">
    <subfield code="a">La fiesta. -- Historia en la habitaci&#xF3;n 804. -- Sal&#xF3;n de belleza al atardecer. -- Una escalera al cielo. -- &#xC9;sta es tu noche. -- El mago. -- La revoluci&#xF3;n. -- La prueba. -- Leonardo Sinisterra. -- El enigma. -- El asesino. -- Cuento de navidad. -- La vor&#xE1;gine. -- El bailar&#xED;n. -- El segundo aire.</subfield>
  </datafield>
  <datafield tag="520" ind1="3" ind2=" ">
    <subfield code="a">Un secreto carcome el alma de su poseedor, un personaje encuentra a su autor, en un hombre desilusionado renace la esperanza tras el contacto con la muerte, una mujer en estado de coma conoce el amor, una visi&#xF3;n de la muerte desliga a dos amantes... Estas son im&#xE1;genes instant&#xE1;neas de la vida de y mujeres atrapados por un destino y una ciudad, especie de condenados que de vez en cuando alcanzan a tomar las riendas de su existencia.
En Una escalera al cielo, Mario Mendoza se reencuentra con el cuento, un g&#xE9;nero por el cual en 1995 hab&#xED;a recibido el Premio Nacional de Literatura del Instituto Distrital de Cultura y Turismo por La traves&#xED;a del vidente.</subfield>
  </datafield>
  <datafield tag="650" ind1="1" ind2="4">
    <subfield code="a">Novela Colombiana</subfield>
  </datafield>
  <datafield tag="650" ind1="2" ind2="4">
    <subfield code="a">Ficci&#xF3;n </subfield>
    <subfield code="z">Colombia</subfield>
    <subfield code="9">41993</subfield>
  </datafield>
  <datafield tag="942" ind1=" " ind2=" ">
    <subfield code="2">ddc</subfield>
    <subfield code="c">BK</subfield>
  </datafield>
  <datafield tag="999" ind1=" " ind2=" ">
    <subfield code="c">15846</subfield>
    <subfield code="d">15846</subfield>
  </datafield>
  <datafield tag="952" ind1=" " ind2=" ">
    <subfield code="0">0</subfield>
    <subfield code="1">0</subfield>
    <subfield code="2">ddc</subfield>
    <subfield code="4">0</subfield>
    <subfield code="7">0</subfield>
    <subfield code="a">CPL</subfield>
    <subfield code="b">CPL</subfield>
    <subfield code="c">PROC</subfield>
    <subfield code="d">2022-02-23</subfield>
    <subfield code="e">Donaci&#xF3;n</subfield>
    <subfield code="l">18</subfield>
    <subfield code="m">13</subfield>
    <subfield code="o">A-N MENu</subfield>
    <subfield code="p">201811132</subfield>
    <subfield code="q">2026-05-05</subfield>
    <subfield code="r">2026-04-22 13:36:24</subfield>
    <subfield code="s">2026-04-22</subfield>
    <subfield code="t">Ej.1</subfield>
    <subfield code="w">2022-03-23</subfield>
    <subfield code="y">BK</subfield>
  </datafield>
</record>
